TB. OF PREVENTIVE AND SOCIAL MEDICINE (Record no. 2063)

MARC details
000 -LEADER
fixed length control field 00361nam a2200145Ia 4500
008 - FIXED-LENGTH DATA ELEMENTS--GENERAL INFORMATION
fixed length control field 150201s2013 xx 000 0 und d
082 ## - DEWEY DECIMAL CLASSIFICATION NUMBER
Classification number 610.734
Item number P13R
100 ## - MAIN ENTRY--PERSONAL NAME
Personal name ROY , RABINDERA NATH
245 ## - TITLE STATEMENT
Title TB. OF PREVENTIVE AND SOCIAL MEDICINE
250 ## - EDITION STATEMENT
Edition statement 4TH
260 ## - PUBLICATION, DISTRIBUTION, ETC. (IMPRINT)
Name of publisher, distributor, etc. JAYPEE
Place of publication, distribution, etc. DELHI
Date of publication, distribution, etc. 2013
300 ## - PHYSICAL DESCRIPTION
Extent 703
650 ## - SUBJECT ADDED ENTRY--TOPICAL TERM
Topical term or geographic name as entry element COMMUNITy NURSING
942 ## - ADDED ENTRY ELEMENTS (KOHA)
Source of classification or shelving scheme Dewey Decimal Classification
Koha item type Books
Holdings
Withdrawn status Lost status Source of classification or shelving scheme Damaged status Not for loan Collection code Home library Current library Shelving location Date acquired Source of acquisition Cost, normal purchase price SGTU Bill Number Total Checkouts Full call number Barcode Date last seen Date last checked out Bill Date Koha item type
    Dewey Decimal Classification     NURSING SGT Medical Library SGT Medical Library Text Book 28/01/2013 NBM DELHI 695.00 SGTU 1345 1 610.734 P13R FN696 23/12/2019 20/12/2019 28/01/2013 Books
    Dewey Decimal Classification     NURSING SGT Medical Library SGT Medical Library Text Book 28/01/2013 NBM DELHI 695.00 SGTU 1345   610.734 P13R FN697 14/09/2018   28/01/2013 Books
    Dewey Decimal Classification     NURSING SGT Medical Library SGT Medical Library Text Book 28/01/2013 NBM DELHI 695.00 SGTU 1345   610.734 P13R FN698 09/02/2015   28/01/2013 Books
    Dewey Decimal Classification     NURSING SGT Medical Library SGT Medical Library Text Book 28/01/2013 NBM DELHI 695.00 SGTU 1345   610.734 P13R FN699 09/02/2015   28/01/2013 Books
    Dewey Decimal Classification     NURSING SGT Medical Library SGT Medical Library Text Book 28/01/2013 NBM DELHI 695.00 SGTU 1345 1 610.734 P13R FN700 09/10/2017 19/09/2017 28/01/2013 Books